Central Library OPAC University of Rajshahi

Protein purification methods : (Record no. 11911)

MARC details
000 -LEADER
fixed length control field 00960nam a2200289 a 4500
001 - CONTROL NUMBER
control field 11911
003 - CONTROL NUMBER IDENTIFIER
rucl marc code BD-RjUL
005 - DATE AND TIME OF LATEST TRANSACTION
control field 20211208235213.0
008 - FIXED-LENGTH DATA ELEMENTS--GENERAL INFORMATION
fixed length control field 170411s19921989enka b 001 0 eng d
020 ## - INTERNATIONAL STANDARD BOOK NUMBER
International Standard Book Number 019963002X
International Standard Book Number 0199630038 (pbk.)
035 ## - SYSTEM CONTROL NUMBER
System control number (BD-RjUL)11960
040 ## - CATALOGING SOURCE
Original cataloging agency DLC
Transcribing agency DLC
Modifying agency BD-RjUL
Language of cataloging eng
041 ## - LANGUAGE CODE
Language code of text/sound track or separate title eng
082 00 - DEWEY DECIMAL CLASSIFICATION NUMBER
Classification number 547.7
Edition number 23
Author mark and year PRO 1993
245 00 - TITLE STATEMENT
Title Protein purification methods :
Remainder of title a practical approach /
Statement of responsibility, etc. edited by E.L.V. Harris and S. Angal.
260 ## - PUBLICATION, DISTRIBUTION, ETC. (IMPRINT)
Place of publication, distribution, etc. Oxford ;
-- New York :
Name of publisher, distributor, etc. IRL Press at Oxford University Press,
Date of publication, distribution, etc. c1989 [Reprinted 1992].
300 ## - PHYSICAL DESCRIPTION
Pagination xvi, 317 p. :
Illustrations ill. ;
Size 23 cm.
504 ## - BIBLIOGRAPHY, ETC. NOTE
Bibliography, etc Includes bibliographies and index.
650 #0 - SUBJECT ADDED ENTRY--TOPICAL TERM
Topical term or geographic name as entry element Proteins
General subdivision Purification.
9 (RLIN) 36923
700 1# - ADDED ENTRY--PERSONAL NAME
Personal name Harris, E. L. V.
Personal name Angal, S.
830 ## - SERIES ADDED ENTRY--UNIFORM TITLE
Uniform title The Practical approach series
942 ## - ADDED ENTRY ELEMENTS (KOHA)
Source of classification or shelving scheme Dewey Decimal Classification
Koha item type Books
Holdings
Lost status Source of classification or shelving scheme Damaged status Not for loan Collection code Permanent Location Current Location Shelving location Date acquired Source of acquisition Cost, normal purchase price Total Checkouts Full call number Date last seen Copy number Koha item type
  Dewey Decimal Classification     Non-fiction Central Library, University of Rajshahi Central Library, University of Rajshahi   14/08/1994 Aligarh Lib. 30.00   547.7 PRO 1992 27/01/2014 C-2 Books
  Dewey Decimal Classification   Not For Loan Non-fiction Central Library, University of Rajshahi Central Library, University of Rajshahi Reading Room 14/08/1994 Aligorh Library 22.50   547.7 PRO 1993 10/04/2017 C-1 Books